Chuyên đề bồi dưỡng giáo viên trung học phổ thông môn giáo dục thể chất
Hệ thống các khái niệm cơ bản về giáo dục thể chất và phương pháp giảng dạy thể dục thể thao trong trường trung học phổ thông; Vận dụng các nguyên tắc trong giáo dục thể chất đối với lứa tuổi học sinh trung học phổ thông; Các phương pháp đơn giản theo dõi phản ứng cơ thể trong buổi tập; các chấn thư...
সংরক্ষণ করুন:
| সংস্থা লেখক: | , |
|---|---|
| অন্যান্য লেখক: | , , , |
| বিন্যাস: | গ্রন্থ |
| ভাষা: | Vietnamese |
| প্রকাশিত: |
Hà Nội
Đại học Quốc gia Hà Nội
2013
|
| মালা: | Sách Dự án phát triển giáo viên THPT & TCCN.
|
| বিষয়গুলি: | |
| ট্যাগগুলো: |
ট্যাগ যুক্ত করুন
কোনো ট্যাগ নেই, প্রথমজন হিসাবে ট্যাগ করুন!
|
| Thư viện lưu trữ: | Mạng thư viện Đại học Đà Nẵng |
|---|
| LEADER | 02188nam a2200409 4500 | ||
|---|---|---|---|
| 001 | 000018292 | ||
| 003 | 14720 | ||
| 005 | 20131008101032.0 | ||
| 008 | 131008s2013 viesd | ||
| 041 | 0 | |a vie | |
| 082 | 1 | 4 | |a 796.0712 |b BÔG |
| 110 | 1 | |a Bộ Giáo dục và đào tạo | |
| 245 | 1 | 0 | |a Chuyên đề bồi dưỡng giáo viên trung học phổ thông môn giáo dục thể chất |c Bộ Giáo dục và Đào tạo, Ngân hàng phát triển Châu Á ; Bùi Hoàng Phúc, ... biên soạn |
| 260 | |a Hà Nội |b Đại học Quốc gia Hà Nội |c 2013 | ||
| 300 | |a 141 tr. |b mh. |c 27 cm. | ||
| 490 | |a Sách Dự án phát triển giáo viên THPT & TCCN. | ||
| 500 | |a Sách Dự án phát triển giáo viên THPT & TCCN - trường Đại học Sư phạm, Đại học Huế. | ||
| 520 | 3 | |a Hệ thống các khái niệm cơ bản về giáo dục thể chất và phương pháp giảng dạy thể dục thể thao trong trường trung học phổ thông; Vận dụng các nguyên tắc trong giáo dục thể chất đối với lứa tuổi học sinh trung học phổ thông; Các phương pháp đơn giản theo dõi phản ứng cơ thể trong buổi tập; các chấn thương và một số bệnh lý thường xảy ra trong tập luyện thể dục thể thao - phương pháp sơ cứu.... | |
| 650 | 0 | 4 | |a Giáo dục thể chất |x Dạy và học |
| 650 | 0 | 4 | |a Giáo dục thể chất |x Giáo dục trung học |
| 653 | |a Giáo dục thể chất | ||
| 653 | |a Giáo viên trung học phổ thông | ||
| 700 | 1 | |a Bùi Hoàng Phúc | |
| 700 | 1 | |a Trần Làm | |
| 700 | 1 | |a Nguyễn Gắng | |
| 700 | 1 | |a Nguyễn Mậu Hiền | |
| 710 | 1 | |a Ngân hàng phát triển Châu Á | |
| OWN | |a LSP | ||
| AVA | |a UDN50 |b LSP |d 796.0712 BÔG |e check_holdings |t Error 5003 Not defined in file expand_doc_bib_avail. |h N |k 1 | ||
| 999 | |a From the UDN01 | ||
| AVA | |a UDN50 |b LSP |d 796.0712 BÔG |e available |t Error 5001 Not defined in file expand_doc_bib_avail. |f 45 |g 40 |h N |i 0 |k 1 | ||
| TYP | |a Monograph | ||
| TYP | |a Printed language | ||
| 980 | |a Mạng thư viện Đại học Đà Nẵng | ||